All Generation 1 Pokemon - Statistics

General Stats
  • This quiz has been taken 55 times
  • The average score is 87 of 151
Answer Stats
Dex# Pokemon Type(s) % Correct
009 Blastoise Water
100%
001 Bulbasaur Grass/Poison
100%
006 Charizard FIre/Flying
100%
004 Charmander Fire
100%
005 Charmeleon Fire
100%
002 Ivysaur Grass/Poison
100%
007 Squirtle Water
100%
008 Wartortle Water
100%
012 Butterfree Bug/Flying
96%
010 Caterpie Bug
96%
011 Metapod Bug
92%
018 Pidgeot Normal/Flying
92%
016 Pidgey Normal/Flying
92%
003 Venusaur Grass/Poison
92%
092 Gastly Ghost/Poison
88%
094 Gengar Ghost/Poison
88%
093 Haunter Ghost/Poison
88%
013 Weedle Bug/Poison
88%
015 Beedrill Bug/Poison
83%
151 Mew Psychic
83%
150 Mewtwo Psychic
83%
017 Pidgeotto Normal/Flying
83%
106 Hitmonlee Fighting
79%
014 Kakuna Bug/Poison
79%
025 Pikachu Electric
79%
023 Ekans Poison
75%
107 Hitmonchan Fighting
75%
026 Raichu Electric
75%
019 Rattata Normal
75%
024 Arbok Posion
71%
144 Articuno Ice/Flying
71%
036 Clefable Fairy
71%
149 Dragonite Dragon/Flying
71%
074 Geodude Rock/Ground
71%
068 Machamp FIghting
71%
066 Machop Fighting
71%
034 Nidoking Poison/Ground
71%
031 Nidoqueen Poison/Ground
71%
020 Raticate Normal
71%
063 Abra Psychic
67%
035 Clefairy Fairy
67%
050 Diglett Ground
67%
148 Dragonair Dragon
67%
022 Fearow Normal/Flying
67%
044 Gloom Grass/Poison
67%
039 Jigglypuff Normal/Fairy
67%
064 Kadabra Psychic
67%
067 Machoke Fighting
67%
146 Moltres Fire/Flying
67%
029 Nidoran (Female) Poison
67%
032 Nidoran (Male) Poison
67%
043 Oddish Grass/Poison
67%
021 Spearow Normal/Flying
67%
145 Zapdos Electric/Flying
67%
065 Alakazam Psychic
63%
147 Dratini Dragon
63%
051 Dugtrio Ground
63%
133 Eevee Normal
63%
076 Golem Rock/Ground
63%
058 Growlithe Fire
63%
129 Magikarp Water
63%
089 Muk Poison
63%
030 Nidorina Poison
63%
033 Nidorino Poison
63%
027 Sandshrew Ground
63%
134 Vaporeon Water
63%
059 Arcanine Fire
58%
075 Graveler Rock/Ground
58%
088 Grimer Poison
58%
135 Jolteon Electric
58%
052 Meowth Normal
58%
095 Onix Rock/Ground
58%
077 Ponyta Fire
58%
028 Sandslash Groud
58%
045 Vileplume Grass/Poison
58%
084 Doduo Normal/Flying
54%
136 Flareon Fire
54%
055 Golduck Water
54%
130 Gyarados Water/Flying
54%
131 Lapras Water/Ice
54%
054 Psyduck Water
54%
078 Rapidash Fire
54%
143 Snorlax Normal
54%
049 Venomoth Bug/Poison
54%
048 Venonat Bug/Poison
54%
040 Wigglytuff Normal/Fairy
54%
069 Bellsprout Grass/Poison
50%
087 Dewgong Water/Ice
50%
124 Jynx Ice/Psychic
50%
139 Omastar Rock/Water
50%
046 Paras Bug/Grass
50%
053 Persian Normal
50%
086 Seel Water
50%
142 Aerodactyl Rock/Flying
46%
085 Dodrio Normal/Flying
46%
140 Kabuto Rock/Water
46%
081 Magnemite Electric/Steel
46%
056 Mankey Fighting
46%
038 Ninetales Fire
46%
047 Parasect Bug/Grass
46%
057 Primeape FIghting
46%
121 Starmie Water/Psychic
46%
120 Staryu Water
46%
071 Victreebell Grass/Poison
46%
037 Vulpix Fire
46%
125 Electabuzz Electric
42%
042 Golbat Poison/Flying
42%
116 Horsea Water
42%
097 Hypno Psychic
42%
115 Kangaskhan Normal
42%
109 Koffing Poison
42%
082 Magneton Electric/Steel
42%
122 Mr. Mime Psychic/Fairy
42%
123 Scyther Bug/Flying
42%
117 Seadra Water
42%
119 Seaking Water
42%
070 Weepinbell Grass/Poison
42%
110 Weezing Poison
42%
041 Zubat Poison/Flying
42%
091 Cloyster Water/Ice
38%
101 Electrode Electric
38%
083 Farfetch'd Normal/Flying
38%
118 Goldeen Water
38%
141 Kabutops RockWater
38%
138 Omanyte Rock/Water
38%
090 Shellder Water
38%
104 Cubone Ground
33%
132 Ditto Normal
33%
096 Drowzee Psychic
33%
126 Magmar Fire
33%
060 Poliwag Water
33%
061 Poliwhirl Water
33%
062 Poliwrath Water/Fighting
33%
112 Rhydon
33%
111 Rhyhorn
33%
072 Tentacool Water/Poison
33%
073 Tentacruel Water/Poison
33%
100 Voltorb Electric
33%
113 Chansey Normal
29%
102 Exeggcute Grass/Psychic
29%
099 Kingler Water
29%
098 Krabby Water
29%
108 Lickitung Normal
29%
105 Marowak Ground
29%
080 Slowbro Water/Psychic
29%
079 Slowpoke Water/Psychic
29%
114 Tangela Grass
29%
103 Exeggutor Grass/Psychic
25%
127 Pinsir Bug
25%
128 Tauros Normal
25%
137 Porygon Normal
17%
No matching quizzes found
Score Distribution
Percent of People with Each Score
Percentile by Number Answered
Your Score History
You have not taken this quiz